000 00782nam a2200277Ia 4500
005 20260320195904.0
008 008 262003s9999 xx 000 0 hin d
020 _a9789389598834
037 _aEBOOK
040 _aCRL
040 _bhin
040 _cCRL
041 _2hin
041 _ahin
084 _qCRL
100 _aरामकुमार सिंह, सत्यांशु सिंह
_91133453
245 0 _aआइडिया से परदे तक : कैसे सोचता है फ़िल्म का लेखक?
250 _a2nd
260 _bRajkamal
260 _c2021
300 _a167
856 _uhttps://ebook.indiaread.in/pdfs/9789389598834.pdf
942 _cEBOOK
999 _c1717022
_d1717022